Hemingway's Spanish tragedy/ (Record no. 44729)
[ view plain ]
| 000 -LEADER | |
|---|---|
| fixed length control field | 01172nam a2200397 a 4500 |
| 001 - CONTROL NUMBER | |
| control field | vtls000039073 |
| 003 - CONTROL NUMBER IDENTIFIER | |
| control field | NLI |
| 005 - DATE AND TIME OF LATEST TRANSACTION | |
| control field | 20210601184703.0 |
| 008 - FIXED-LENGTH DATA ELEMENTS--GENERAL INFORMATION | |
| fixed length control field | 101125s1973 alu 001 eng |
| 020 ## - INTERNATIONAL STANDARD BOOK NUMBER | |
| International Standard Book Number | 0817371036 |
| Terms of availability | $ 9.75 |
| 039 #9 - LEVEL OF BIBLIOGRAPHIC CONTROL AND CODING DETAIL [OBSOLETE] | |
| -- | 201011250338 |
| -- | VLOAD |
| 040 0# - CATALOGING SOURCE | |
| Original cataloging agency | NLI |
| Language of cataloging | eng |
| Transcribing agency | VERGIS-2003 |
| 041 0# - LANGUAGE CODE | |
| Language code of text/sound track or separate title | eng |
| 044 ## - COUNTRY OF PUBLISHING/PRODUCING ENTITY CODE | |
| MARC country code | alu |
| 082 04 - DEWEY DECIMAL CLASSIFICATION NUMBER | |
| Classification number | 813.5 |
| 100 1# - MAIN ENTRY--PERSONAL NAME | |
| Personal name | Broer, Lawrence R. |
| 9 (RLIN) | 115405 |
| 245 10 - TITLE STATEMENT | |
| Title | Hemingway's Spanish tragedy/ |
| Statement of responsibility, etc. | Lawrence R. Broer |
| 260 ## - PUBLICATION, DISTRIBUTION, ETC. | |
| Place of publication, distribution, etc. | Alabama: |
| Name of publisher, distributor, etc. | University of Alabama Press, |
| Date of publication, distribution, etc. | c1973 |
| 300 ## - PHYSICAL DESCRIPTION | |
| Extent | xi, 131 p.; |
| Dimensions | 23 cm. |
| 500 ## - GENERAL NOTE | |
| General note | Includes index |
| 504 ## - BIBLIOGRAPHY, ETC. NOTE | |
| Bibliography, etc. note | Bibliography: p. 123-127 |
| 600 10 - SUBJECT ADDED ENTRY--PERSONAL NAME | |
| Personal name | Hemingway, Ernest |
| Dates associated with a name | 1899-1961 |
| General subdivision | Criticism and interpretation |
| 650 #0 - SUBJECT ADDED ENTRY--TOPICAL TERM | |
| Topical term or geographic name entry element | American fiction |
| Chronological subdivision | 20th century |
| 650 #0 - SUBJECT ADDED ENTRY--TOPICAL TERM | |
| Topical term or geographic name entry element | Spanish drama (Tragedy) |
| 9 (RLIN) | 115406 |
| 650 #0 - SUBJECT ADDED ENTRY--TOPICAL TERM | |
| Topical term or geographic name entry element | Spanish fiction |
| 9 (RLIN) | 115407 |
| 887 ## - NON-MARC INFORMATION FIELD | |
| Content of non-MARC field | A. Kannaki |
| 901 ## - LOCAL DATA ELEMENT A, LDA (RLIN) | |
| a | 438481 |
| b | 18/11/1977 |
| 902 ## - LOCAL DATA ELEMENT B, LDB (RLIN) | |
| a | E 813.5 B 785 |
| 903 ## - LOCAL DATA ELEMENT C, LDC (RLIN) | |
| a | 13/05/2004 |
| 904 ## - LOCAL DATA ELEMENT D, LDD (RLIN) | |
| a | A. Kannaki |
| 906 ## - LOCAL DATA ELEMENT F, LDF (RLIN) | |
| a | 040577 |
| 949 ## - LOCAL PROCESSING INFORMATION (OCLC) | |
| -- | VIRTUAITEM |
| -- | 10000 |
| -- | 1 |
| -- | 100 |
| 6 | PUR000438481ENG |
| a | E 813.5 B785 |
| 942 ## - ADDED ENTRY ELEMENTS (KOHA) | |
| Source of classification or shelving scheme | Dewey Decimal Classification |
| Koha item type | Books |
| Withdrawn status | Lost status | Damaged status | Not for loan | Collection code | Home library | Current library | Shelving location | Date acquired | Total Checkouts | Full call number | Barcode | Date last seen | Price effective from | Koha item type |
|---|---|---|---|---|---|---|---|---|---|---|---|---|---|---|
| New English | National Library of India | National Library of India | New English - Main Stack Division | E 813.5 B 785 | PUR000438481ENG | 01/06/2021 | 01/06/2021 | Books |
